Normal view
MARC view
- Aceptación de los padres
Entry Materia
001 - NÚMERO DE CONTROL DEL REGISTRO
- campo de control: 51608
003 - IDENTIFICADOR DE NUMERO DE CONTROL
- campo de control: UPN
005 - FECHA Y HORA DE LA ÚLTIMA TRANSACCIÓN
- campo de control: 20240418093557.0
008 - DATOS DE LONGITUD FIJA
- campo de control de longitud fija: 240418|| aca||babn | a|a d
040 ## - FUENTE DE LA CATALOGACIÓN
- Centro catalogador de origen: MX-MxUPN
- Lengua de catalogación: spa
- Agencia de transcripción: MX-MxUPN
150 ## - ENCABEZAMIENTO - TEMÁTICO
- Término de materia o nombre geográfico como elemento inicial: Aceptación de los padres
670 ## - FUENTE EN LA QUE SE LOCALIZARON DATOS
- Cita de la fuente: LC, 18 abril 2024:
- Información localizada: (Parental acceptance)
- Identificador Uniforme del Recurso: https://lccn.loc.gov/sh85097994
902 ## - CATALOGADOR
- Catalogador: MaríaRobles/180424
